[Event "II Gyorgy Marx Mem"]
[Site "Paks HUN"]
[Date "2004.06.06"]
[Round "2"]
[White "Portisch,L"]
[Black "Berkes,F"]
[Result "1/2-1/2"]
[WhiteElo "2573"]
[BlackElo "2613"]
[EventDate "2004.06.05"]

1. d4 d5 2. c4 c6 3. e3 Nf6 4. Nf3 Bg4 5. h3 Bxf3 6. Qxf3 e6 7. Nc3 Nbd7 8.
Bd2 Bb4 9. cxd5 exd5 10. Bd3 O-O 11. O-O Re8 12. Rad1 Qe7 13. Rfe1 Nb6 14.
a3 Bxc3 15. Bxc3 Ne4 16. Bb4 Qd7 17. Re2 Re6 18. Qg4 Rae8 19. b3 Qd8 20. f3
Nf6 21. Qh4 g6 22. Rde1 Nc8 23. Qf4 Nh5 24. Qh2 Qh4 25. Qc7 a5 26. Bxa5 Ng3
27. Rf2 R6e7 28. Qb8 Nb6 29. Qd6 Nc8 30. Qb8 Nb6 31. Qd6 Nc8 32. Qc5 Rxe3
1/2-1/2

[Event "II Gyorgy Marx Mem"]
[Site "Paks HUN"]
[Date "2004.06.13"]
[Round "8"]
[White "Acs,P"]
[Black "Berkes,F"]
[Result "0-1"]
[WhiteElo "2548"]
[BlackElo "2613"]
[EventDate "2004.06.05"]

1. c4 Nf6 2. Nc3 c5 3. g3 d5 4. cxd5 Nxd5 5. Bg2 Nc7 6. Qa4+ Bd7 7. Qb3 Nc6
8. Qxb7 Nd4 9. Qe4 g6 10. Qb1 Bg7 11. e3 Nc6 12. Nge2 O-O 13. O-O Rb8 14.
Rd1 Nb5 15. Nxb5 Rxb5 16. Nc3 Rb8 17. Qd3 Ne5 18. Qf1 c4 19. d4 cxd3 20. f4
Bg4 21. Rd2 Nc4 22. Rxd3 Qa5 23. Nd5 Qc5 24. Rb1 Nxb2 25. Rb3 Rxb3 26. axb3
Nd1 27. Qc4 Qd6 28. Bd2 e6 29. Qc6 Qd8 30. h3 Be2 31. Bf1 Bxf1 32. Kxf1 Nb2
33. Bb4 exd5 34. Bxf8 Qxf8 35. Qxd5 Qc8 36. Qd2 Qxh3+ 37. Qg2 Qc8 38. Qd2
Qa6+ 39. Qe2 Qb7 40. Qg2 Qxb3 0-1

[Event "II Gyorgy Marx Mem"]
[Site "Paks HUN"]
[Date "2004.06.15"]
[Round "10"]
[White "Acs,P"]
[Black "Nevednichy,V"]
[Result "1/2-1/2"]
[WhiteElo "2548"]
[BlackElo "2544"]
[EventDate "2004.06.05"]

1. e4 e5 2. Nf3 d6 3. d4 exd4 4. Nxd4 Nf6 5. Nc3 Be7 6. Bf4 O-O 7. Qd2 Nc6
8. O-O-O Nxd4 9. Qxd4 Be6 10. Be2 a6 11. Qe3 Nd7 12. h4 Bf6 13. h5 h6 14.
Kb1 Re8 15. g4 Be5 16. Bg3 b5 17. f4 Bxc3 18. Qxc3 Nf6 19. Bf3 b4 20. Qd3
Bxg4 21. Bh4 Bxf3 22. Qxf3 Qd7 23. Rde1 Qg4 24. Qxg4 Nxg4 25. Reg1 f5 26.
exf5 Ne3 27. f6 Nf5 28. Be1 Re4 29. c3 a5 30. fxg7 Rae8 31. Bd2 c5 32. Rg6
Re2 33. Kc1 Kf7 34. Kd1 R2e6 35. Rhg1 Rg8 36. Rxe6 Kxe6 37. Rg6+ Kd5 38.
cxb4 cxb4 39. Ke2 1/2-1/2